00569nam a2200217 i 4500001001000000003000900010005001700019007000300036008004100039040003000080082001300110245005400123264005000177300002600227336002700253337003400280338002800314650000300342650000300345700000300348000042701DO-SdBNP20230421095807.0ta140205s190? dr aa 000 0 spa d aDO-SdBNPbspacBNPHUerda 4222bV64800aPrincipios fundamentales de penalidad /cJ. Vidal a[ sin luga ] :b[ sin nombre],c[ sin fecha]. a647 paginas ;c23 cm. 2rdaconten.atextobtxt 2rdamediaasin mediación bn 2rdacarrieravolumenbnc